[Event "WYCC 2018 G18"]
[Site "Halkidiki"]
[Date "2018.10.30"]
[Round "11"]
[White "Nistor, Valentina"]
[Black "Vanduyfhuys, Daria"]
[Result "0-1"]
[WhiteElo "1881"]
[BlackElo "2058"]
[Annotator "NA"]
[PlyCount "146"]
[EventDate "2018.10.20"]
[EventType "swiss"]
[EventCountry "GRE"]
[SourceTitle "playchess.com"]
[Source "ChessBase"]
[SourceQuality "1"]
[TimeControl "40/5400+30:1800+30"]

1. e4 {[%emt 0:00:00]} c5 {[%emt 0:00:00]} 2. Nf3 {[%emt 0:00:00]} Nc6 {[%emt 0:00:00]} 3. c3 {[%emt 0:00:00]} d5 {[%emt 0:00:00]} 4. exd5 {[%emt 0:00:00]} Qxd5 {[%emt 0:00:04]} 5. d4 {[%emt 0:00:06]} Nf6 {[%emt 0:01:32]} 6. Be3 {[%emt 0:00:42]} cxd4 {[%emt 0:00:45]} 7. cxd4 {[%emt 0:00:08]} e6 {[%emt 0:00:17]} 8. Nc3 {[%emt 0:01:08]} Qd8 {[%emt 0:00:28]} 9. a3 {[%emt 0:02:24]} Be7 {[%emt 0:03:01]} 10. Bd3 {[%emt 0:01:49]} O-O {[%emt 0:00:16]} 11. O-O {[%emt 0:00:21]} b6 {[%emt 0:01:28]} 12. Qc2 {[%emt 0:07:32]} Bb7 {[%emt 0:01:22]} 13. Rad1 {[%emt 0:07:35] B22: Sicilian: 2 c3} h6 {[%emt 0:06:29]} (13... g6 14. Rfe1 Rc8 15. Qe2 Re8 16. Bh6 Ng4 17. Bf4 Nf6 18. Bc4 Na5 19. Bb5 Bc6 20. Ba6 Bb7 21. Bb5 Bc6 22. Ba6 Bb7 {½-½ (23) Lindberg,B (2416)-Golubka,P (2478) Gothenburg 2018}) 14. Qd2 {[%emt 0:02:50]} Re8 {[%emt 0:05:50]} 15. Rfe1 {[%emt 0:07:50]} Rc8 {[%emt 0:03:22]} 16. Qe2 {[%emt 0:08:23]} Nd5 $146 {[%emt 0:07:22]} ({Predecessor:} 16... Bf8 17. Ne5 Re7 18. Bb1 Qc7 19. Bf4 Nxe5 20. Bxe5 {0-1 (44) Tuominen,M-Ebeling,M (2320) Tampere 1988}) 17. Bc1 {[%emt 0:11:23]} Na5 {[%emt 0:17:39]} 18. Ne5 {[%emt 0:11:59]} Bg5 {[%emt 0:10:24]} 19. Qh5 {[%emt 0:03:26]} Rf8 {[%emt 0:06:03]} 20. Ne4 $2 {[%emt 0:05:33]} (20. Bxg5 $14 {keeps the upper hand.} Qxg5 21. Qxg5 hxg5 22. Nb5) 20... Bxc1 {[%emt 0:03:47]} 21. Rxc1 {[%emt 0:01:36]} Rxc1 {[%emt 0:01:06]} 22. Rxc1 {[%emt 0:00:05]} Nf4 {[%emt 0:00:25]} 23. Qf3 {[%emt 0:05:55]} Nxd3 {[%emt 0:04:01]} 24. Qxd3 {[%emt 0:00:32]} Qd5 {[%emt 0:00:30]} 25. f3 {[%emt 0:07:16]} Rd8 {[%emt 0:00:53]} 26. Ng4 {[%emt 0:04:10]} Qxd4+ {[%emt 0:02:27]} 27. Qxd4 {[%emt 0:00:07]} Rxd4 {[%emt 0:00:04]} 28. Ngf2 {[%emt 0:01:19]} f5 {[%emt 0:02:31]} 29. Nc3 {[%emt 0:00:39]} Ba6 {[%emt 0:02:34]} 30. b4 {[%emt 0:02:40]} Nb3 {[%emt 0:01:06]} 31. Re1 {[%emt 0:01:58]} Bc4 {[%emt 0:00:31]} 32. Nfd1 {[%emt 0:00:55]} Rd3 {[%emt 0:01:52]} 33. Kf2 {[%emt 0:00:58]} Kf7 {[%emt 0:01:40]} 34. Kg3 {[%emt 0:01:26]} Kf6 {[%emt 0:01:30]} 35. Ne2 {[%emt 0:00:38]} Rxd1 {[%emt 0:04:08]} 36. Rxd1 {[%emt 0:00:11]} Bxe2 {[%emt 0:00:02]} 37. Rd7 {[%emt 0:00:12]} a5 {[%emt 0:00:14]} 38. bxa5 {[%emt 0:01:49]} Nxa5 {[%emt 0:00:47]} 39. a4 {[%emt 0:02:07]} Bc4 {[%emt 0:09:22]} 40. Rd6 {[%emt 0:00:00]} b5 {[%emt 0:00:00]} 41. Ra6 {[%emt 0:04:22]} Nb3 {[%emt 0:02:16]} 42. axb5 {[%emt 0:02:03]} Bxb5 {[%emt 0:00:07]} 43. Rb6 {[%emt 0:00:10]} Bc4 {[%emt 0:00:13]} 44. h4 {[%emt 0:00:44]} Bd5 {[%emt 0:00:57]} 45. Kf4 {[%emt 0:01:26]} g5+ {[%emt 0:01:33]} 46. hxg5+ {[%emt 0:00:06]} hxg5+ {[%emt 0:00:02]} 47. Ke3 {[%emt 0:00:17]} Ke5 {[%emt 0:00:50]} 48. Rb4 {[%emt 0:00:51]} f4+ {[%emt 0:01:48]} 49. Kf2 {[%emt 0:01:33]} Nc5 {[%emt 0:01:24]} 50. Rb8 {[%emt 0:00:38]} Nd7 {[%emt 0:00:11]} 51. Rg8 {[%emt 0:00:26]} Kf5 {[%emt 0:00:05]} 52. Rg7 {[%emt 0:01:18]} Ne5 {[%emt 0:00:29]} 53. Rg8 {[%emt 0:01:14]} g4 {[%emt 0:01:26]} 54. Rf8+ {[%emt 0:00:40]} Kg5 {[%emt 0:00:06]} 55. Rg8+ {[%emt 0:00:22]} Kh5 {[%emt 0:00:26]} 56. Rf8 {[%emt 0:02:12]} gxf3 {[%emt 0:01:33]} 57. gxf3 {[%emt 0:00:11]} Kg5 {[%emt 0:00:06]} 58. Rg8+ {[%emt 0:00:12]} Kf6 {[%emt 0:00:07]} 59. Rd8 {[%emt 0:00:56]} Nxf3 {[%emt 0:01:27]} 60. Rf8+ {[%emt 0:00:50]} Ke5 {[%emt 0:00:07]} 61. Rb8 {[%emt 0:00:10]} Nd4 {[%emt 0:00:26]} 62. Rb4 {[%emt 0:00:15]} Ke4 {[%emt 0:00:08]} 63. Rb1 {[%emt 0:00:11]} e5 {[%emt 0:00:43]} 64. Re1+ {[%emt 0:00:16]} Kf5 {[%emt 0:00:06]} 65. Rd1 {[%emt 0:00:36]} f3 {[%emt 0:01:12]} 66. Ke3 {[%emt 0:00:16]} Be4 {[%emt 0:00:25]} 67. Rh1 {[%emt 0:00:39]} Nc2+ {[%emt 0:00:10]} 68. Kf2 {[%emt 0:00:08]} Kg4 {[%emt 0:00:47]} 69. Rg1+ {[%emt 0:00:11]} Kf4 $19 {[%emt 0:00:06]} 70. Rh1 {[%emt 0:00:05]} Bf5 {[%emt 0:00:36]} 71. Rh4+ {[%emt 0:00:54]} Bg4 {[%emt 0:00:05]} 72. Rh8 {[%emt 0:00:11]} e4 {[%emt 0:00:08]} 73. Rf8+ {[%emt 0:00:20]} Bf5 {[%emt 0:00:06]} 0-1

[Event "WYCC 2018 G18"]
[Site "Halkidiki"]
[Date "2018.10.30"]
[Round "11"]
[White "Buchta, Agnieszka"]
[Black "Prakapuk, Vera"]
[Result "0-1"]
[WhiteElo "1879"]
[BlackElo "1949"]
[Annotator "NA"]
[PlyCount "144"]
[EventDate "2018.10.20"]
[EventType "swiss"]
[EventCountry "GRE"]
[SourceTitle "playchess.com"]
[Source "ChessBase"]
[SourceQuality "1"]
[TimeControl "40/5400+30:1800+30"]

1. e4 {[%emt 0:00:00]} c6 {[%emt 0:00:00]} 2. d4 {[%emt 0:00:00]} d5 {[%emt 0:00:00]} 3. e5 {[%emt 0:00:00]} Bf5 {[%emt 0:00:00]} 4. c4 {[%emt 0:00:00]} e6 {[%emt 0:00:00]} 5. Nc3 {[%emt 0:00:02]} Ne7 {[%emt 0:00:02]} 6. a3 {[%emt 0:00:12]} dxc4 {[%emt 0:00:11] B12: Caro-Kann: Advance Variation} 7. Bxc4 {[%emt 0:00:03]} Nd7 {[%emt 0:00:08]} 8. Nge2 {[%emt 0:00:11]} Nb6 {[%emt 0:00:25]} 9. Bb3 {[%emt 0:00:22]} Qd7 {[%emt 0:00:30]} 10. O-O {[%emt 0:02:18]} (10. Ng3 Bg6 11. h4 h6 12. Be3 Nf5 13. h5 Bh7 14. Nxf5 Bxf5 {0-1 (33) Karthikeyan,M (2578)-Berkes,F (2648) Moscow 2017}) 10... Bg6 {[%emt 0:02:04]} 11. Be3 {[%emt 0:02:39]} Nf5 {[%emt 0:01:00]} 12. Qd2 {[%emt 0:02:49]} Be7 {[%emt 0:09:21]} 13. Nf4 {[%emt 0:04:38]} O-O {[%emt 0:05:46]} 14. g3 $146 {[%emt 0:06:35]} ({Predecessor:} 14. Rad1) 14... c5 {[%emt 0:13:06]} 15. d5 {[%emt 0:12:52]} c4 {[%emt 0:01:50]} 16. Ba2 {[%emt 0:02:47]} Nxe3 {[%emt 0:00:24]} 17. Qxe3 {[%emt 0:07:48]} exd5 {[%emt 0:02:42]} 18. Rfd1 {[%emt 0:17:55]} Bg5 {[%emt 0:02:32]} 19. b3 {[%emt 0:08:05]} Bxf4 {[%emt 0:02:51]} 20. Qxf4 {[%emt 0:02:59]} Qc6 {[%emt 0:08:54]} 21. Rac1 {[%emt 0:07:40]} Bd3 {[%emt 0:12:07]} 22. Rd2 {[%emt 0:09:09]} Rae8 {[%emt 0:04:19]} 23. Ne2 {[%emt 0:05:32]} Qg6 {[%emt 0:03:47]} 24. Qd4 {[%emt 0:03:16]} Qe4 {[%emt 0:00:57]} 25. Qxe4 {[%emt 0:01:39]} Bxe4 {[%emt 0:01:24]} 26. bxc4 {[%emt 0:00:58]} dxc4 {[%emt 0:00:42]} 27. Bxc4 {[%emt 0:01:36]} Nxc4 {[%emt 0:00:38]} 28. Rxc4 {[%emt 0:00:02]} Rxe5 {[%emt 0:00:08]} 29. f4 {[%emt 0:01:17]} Ree8 {[%emt 0:00:47]} 30. Nc3 {[%emt 0:00:55]} Bc6 {[%emt 0:00:11]} 31. a4 {[%emt 0:00:38]} g6 {[%emt 0:01:02]} 32. Kf2 {[%emt 0:00:13]} Kg7 {[%emt 0:01:37]} 33. Nb5 {[%emt 0:00:31]} a6 {[%emt 0:00:42]} 34. Nd6 {[%emt 0:00:34]} Rd8 {[%emt 0:04:57]} 35. Rcd4 {[%emt 0:00:07]} Kg8 {[%emt 0:00:53]} 36. a5 {[%emt 0:00:51]} Rd7 {[%emt 0:00:39]} 37. Nf5 {[%emt 0:00:44]} Rxd4 {[%emt 0:01:41]} 38. Ne7+ {[%emt 0:00:18]} Kg7 {[%emt 0:00:09]} 39. Rxd4 {[%emt 0:00:02]} Bb5 {[%emt 0:01:07]} 40. Nd5 {[%emt 0:00:00]} Rc8 {[%emt 0:00:00]} 41. g4 {[%emt 0:17:00]} Rc2+ {[%emt 0:02:43]} 42. Kg3 {[%emt 0:01:10]} Ra2 {[%emt 0:09:32]} 43. g5 {[%emt 0:02:03]} Rxa5 {[%emt 0:03:27]} 44. Nf6 {[%emt 0:00:48]} Ra3+ {[%emt 0:00:18]} 45. Kh4 {[%emt 0:06:36]} Rd3 {[%emt 0:07:27]} 46. Re4 {[%emt 0:00:44]} Bd7 {[%emt 0:01:04]} 47. Nxd7 {[%emt 0:01:44]} Rxd7 {[%emt 0:00:06]} 48. Kg4 {[%emt 0:00:56]} Rd2 {[%emt 0:04:15]} 49. Re7 {[%emt 0:01:07]} b5 {[%emt 0:00:53]} 50. Ra7 {[%emt 0:00:19]} Ra2 {[%emt 0:00:56]} 51. h4 {[%emt 0:01:05]} b4 {[%emt 0:01:59]} 52. h5 {[%emt 0:00:21]} gxh5+ {[%emt 0:00:23]} 53. Kxh5 {[%emt 0:00:06]} b3 {[%emt 0:03:38]} 54. f5 {[%emt 0:00:42]} Rh2+ {[%emt 0:00:09]} 55. Kg4 {[%emt 0:00:26]} b2 {[%emt 0:01:14]} 56. Rb7 {[%emt 0:00:54]} a5 {[%emt 0:03:17]} 57. Rb8 {[%emt 0:01:26]} Rg2+ {[%emt 0:01:16]} 58. Kh5 {[%emt 0:00:54]} Rh2+ {[%emt 0:01:39]} 59. Kg4 {[%emt 0:00:00]} h5+ $19 {[%emt 0:00:47]} 60. Kg3 {[%emt 0:01:35]} Rc2 {[%emt 0:00:28]} 61. Rb7 {[%emt 0:01:02]} a4 {[%emt 0:01:01]} 62. g6 {[%emt 0:00:19]} a3 {[%emt 0:00:35]} 63. Rxf7+ {[%emt 0:01:06]} Kg8 {[%emt 0:00:04]} 64. Rb7 {[%emt 0:00:47]} a2 {[%emt 0:00:40]} 65. f6 {[%emt 0:00:31]} b1=Q {[%emt 0:00:31]} 66. Rg7+ {[%emt 0:00:29]} Kf8 {[%emt 0:00:05]} 67. Rf7+ {[%emt 0:00:25]} Ke8 {[%emt 0:00:06]} 68. Re7+ {[%emt 0:00:33]} Kd8 {[%emt 0:00:04]} 69. g7 {[%emt 0:00:30]} Qg1+ {[%emt 0:00:40]} 70. Kf4 {[%emt 0:00:22]} Qg4+ {[%emt 0:00:20]} 71. Ke3 {[%emt 0:00:38]} Re2+ {[%emt 0:00:12]} 72. Kd3 {[%emt 0:00:32]} Rxe7 {[%emt 0:00:14] Kd4} 0-1

[Event "WYCC 2018 G18"]
[Site "Halkidiki"]
[Date "2018.10.30"]
[Round "11"]
[White "Muratova, Saltanat"]
[Black "Du, Yuxin"]
[Result "0-1"]
[WhiteElo "1859"]
[BlackElo "2011"]
[Annotator "NA"]
[PlyCount "70"]
[EventDate "2018.10.20"]
[EventType "swiss"]
[EventCountry "GRE"]
[SourceTitle "playchess.com"]
[Source "ChessBase"]
[SourceQuality "1"]
[TimeControl "40/5400+30:1800+30"]

1. e4 {[%emt 0:00:00]} c6 {[%emt 0:00:00]} 2. d4 {[%emt 0:00:00]} d5 {[%emt 0:00:00]} 3. e5 {[%emt 0:00:00]} Bf5 {[%emt 0:00:00]} 4. Nf3 {[%emt 0:00:00]} e6 {[%emt 0:00:00]} 5. Be2 {[%emt 0:00:00]} c5 {[%emt 0:01:43]} 6. Be3 {[%emt 0:00:03]} Qb6 {[%emt 0:01:43]} 7. Nc3 {[%emt 0:00:14]} Qxb2 {[%emt 0:01:50]} 8. Qb1 {[%emt 0:00:29]} Qxb1+ {[%emt 0:00:25]} 9. Rxb1 {[%emt 0:00:06]} c4 {[%emt 0:00:21]} 10. Rxb7 {[%emt 0:00:11]} Nc6 {[%emt 0:00:13]} 11. Nb5 {[%emt 0:00:13]} Nd8 {[%emt 0:00:34]} 12. Rc7 {[%emt 0:01:26]} Bxc2 {[%emt 0:57:11]} 13. Bc1 {[%emt 0:14:08]} Ba4 {[%emt 0:09:41]} 14. Nd6+ {[%emt 0:04:03]} Bxd6 {[%emt 0:00:07]} 15. exd6 {[%emt 0:00:04]} Nf6 {[%emt 0:03:08]} 16. Ne5 {[%emt 0:05:49]} O-O {[%emt 0:20:03]} 17. d7 $14 {[%emt 0:15:42]} Nxd7 {[%emt 0:00:10]} 18. Nxd7 {[%emt 0:00:08]} Bxd7 {[%emt 0:00:04]} 19. Rxd7 {[%emt 0:00:04]} Nc6 {[%emt 0:00:06]} 20. Ba3 {[%emt 0:02:28]} Rfb8 {[%emt 0:00:40]} 21. Bc5 {[%emt 0:00:29]} Rb1+ {[%emt 0:00:15]} 22. Bd1 {[%emt 0:00:04]} a6 {[%emt 0:02:10]} 23. O-O {[%emt 0:00:27]} Rb2 {[%emt 0:00:28]} 24. a3 {[%emt 0:04:38]} h6 {[%emt 0:00:32]} 25. f4 {[%emt 0:05:16]} Rd2 {[%emt 0:00:30]} 26. Ba4 {[%emt 0:00:20]} Nxd4 {[%emt 0:00:28]} 27. Bxd4 {[%emt 0:01:21]} Rxd4 {[%emt 0:00:05]} 28. f5 {[%emt 0:00:19]} e5 {[%emt 0:00:57]} 29. Bc6 {[%emt 0:00:22]} Rc8 {[%emt 0:00:28]} 30. Bxd5 {[%emt 0:01:53]} c3 {[%emt 0:00:07]} 31. Bxf7+ {[%emt 0:06:44]} Kf8 {[%emt 0:00:06]} 32. Rxd4 {[%emt 0:00:21]} exd4 {[%emt 0:00:06]} 33. Be6 {[%emt 0:00:02]} c2 {[%emt 0:01:36]} 34. Bxc8 {[%emt 0:16:38]} d3 {[%emt 0:00:08]} 35. f6 {[%emt 0:00:02]} d2 {[%emt 0:00:28]} 0-1

[Event "WYCC 2018 G18"]
[Site "Halkidiki"]
[Date "2018.10.30"]
[Round "11"]
[White "Nguyen, Thi Minh Thu"]
[Black "Kieu, Bich Thuy"]
[Result "1/2-1/2"]
[WhiteElo "1849"]
[BlackElo "1913"]
[Annotator "NA"]
[PlyCount "37"]
[EventDate "2018.10.20"]
[EventType "swiss"]
[EventCountry "GRE"]
[SourceTitle "playchess.com"]
[Source "ChessBase"]
[SourceQuality "1"]
[TimeControl "40/5400+30:1800+30"]

1. d4 {[%emt 0:00:00]} d5 {[%emt 0:00:00]} 2. c4 {[%emt 0:00:00]} e6 {[%emt 0:00:00]} 3. Nc3 {[%emt 0:00:00]} Nf6 {[%emt 0:00:11]} 4. Bg5 {[%emt 0:00:14]} Be7 {[%emt 0:00:43]} 5. Nf3 {[%emt 0:00:33]} c6 {[%emt 0:01:34]} 6. e3 {[%emt 0:01:28]} O-O {[%emt 0:03:56]} 7. Bd3 {[%emt 0:02:17]} h6 {[%emt 0:04:09]} 8. Bh4 {[%emt 0:02:39]} dxc4 {[%emt 0:02:31]} 9. Bxc4 {[%emt 0:00:14]} Nd5 {[%emt 0:00:22]} 10. Bxe7 {[%emt 0:02:20]} Qxe7 {[%emt 0:00:19]} 11. O-O {[%emt 0:00:20]} Nd7 {[%emt 0:04:28]} 12. Rc1 {[%emt 0:02:34]} Nxc3 {[%emt 0:02:22]} 13. Rxc3 {[%emt 0:00:37]} e5 {[%emt 0:00:55]} 14. dxe5 {[%emt 0:02:16]} Nxe5 {[%emt 0:00:11]} 15. Nxe5 {[%emt 0:00:08]} Qxe5 {[%emt 0:00:13]} 16. Qb3 {[%emt 0:00:07]} Rb8 {[%emt 0:07:45]} 17. Rd1 {[%emt 0:01:57]} Bf5 {[%emt 0:02:40]} 18. h3 {[%emt 0:01:35]} b6 {[%emt 0:09:18]} 19. Bd3 {[%emt 0:00:55]} 1/2-1/2

[Event "WYCC 2018 G18"]
[Site "Halkidiki"]
[Date "2018.10.30"]
[Round "11"]
[White "Perminaite, Guoda"]
[Black "Stashis, Anna"]
[Result "1/2-1/2"]
[WhiteElo "1840"]
[BlackElo "1979"]
[Annotator "NA"]
[PlyCount "48"]
[EventDate "2018.10.20"]
[EventType "swiss"]
[EventCountry "GRE"]
[SourceTitle "playchess.com"]
[Source "ChessBase"]
[SourceQuality "1"]
[TimeControl "40/5400+30:1800+30"]

1. e4 {[%emt 0:00:00]} c5 {[%emt 0:00:00]} 2. c3 {[%emt 0:00:00]} Nf6 {[%emt 0:00:00]} 3. e5 {[%emt 0:00:05]} Nd5 {[%emt 0:00:00]} 4. d4 {[%emt 0:00:15]} cxd4 {[%emt 0:00:12]} 5. cxd4 {[%emt 0:00:13]} d6 {[%emt 0:00:43]} 6. Nf3 {[%emt 0:02:23]} Nc6 {[%emt 0:00:25]} 7. Bc4 {[%emt 0:00:24]} Nb6 {[%emt 0:00:39]} 8. Bb5 {[%emt 0:01:30]} dxe5 {[%emt 0:01:14]} 9. Nxe5 {[%emt 0:00:50]} Bd7 {[%emt 0:01:11]} 10. Nxd7 {[%emt 0:01:30]} Qxd7 {[%emt 0:00:27]} 11. Nc3 {[%emt 0:00:39]} e6 {[%emt 0:02:11]} 12. O-O {[%emt 0:01:34]} Rd8 {[%emt 0:02:32] B22: Sicilian: 2 c3} 13. Be3 {[%emt 0:02:56]} Be7 {[%emt 0:02:42]} 14. Qg4 {[%emt 0:02:05]} O-O {[%emt 0:06:40]} 15. Rad1 {[%emt 0:04:27]} Kh8 {[%emt 0:12:44] [#]} 16. a3 $146 {[%emt 0:04:47]} ({Predecessor:} 16. d5 exd5 17. Qxd7 Rxd7 18. Bxb6 axb6 19. Rxd5 Rxd5 20. Nxd5 Bc5 21. Re1 g6 {½-½ (21) Simacek,P (2501)-Stocek,J (2566) Prague 2007}) 16... Nd5 {[%emt 0:25:46]} 17. Nxd5 {[%emt 0:03:52]} Qxd5 {[%emt 0:00:28]} 18. Qe2 {[%emt 0:01:03]} Bd6 {[%emt 0:11:06]} 19. Bc4 {[%emt 0:09:43]} Qe4 {[%emt 0:01:46]} 20. Rfe1 {[%emt 0:08:12]} Ne7 {[%emt 0:05:37]} 21. Qh5 $11 {[%emt 0:10:19]} (21. d5 $5) 21... Qf5 {[%emt 0:02:43]} 22. Qxf5 {[%emt 0:10:47]} Nxf5 {[%emt 0:00:12]} 23. d5 {[%emt 0:00:49]} Nxe3 {[%emt 0:05:00]} 24. Rxe3 {[%emt 0:00:32]} Bc5 {[%emt 0:02:13]} 1/2-1/2

[Event "WYCC 2018 G18"]
[Site "Halkidiki"]
[Date "2018.10.30"]
[Round "11"]
[White "Simic, Anja"]
[Black "Hrescak, Ivana"]
[Result "1/2-1/2"]
[WhiteElo "1813"]
[BlackElo "2173"]
[Annotator "NA"]
[PlyCount "102"]
[EventDate "2018.10.20"]
[EventType "swiss"]
[EventCountry "GRE"]
[SourceTitle "playchess.com"]
[Source "ChessBase"]
[SourceQuality "1"]
[TimeControl "40/5400+30:1800+30"]

1. d4 {[%emt 0:00:00]} Nf6 {[%emt 0:00:00]} 2. c4 {[%emt 0:00:00]} g6 {[%emt 0:00:00]} 3. Nc3 {[%emt 0:00:00]} Bg7 {[%emt 0:00:00]} 4. e4 {[%emt 0:00:00]} d6 {[%emt 0:00:00]} 5. Nf3 {[%emt 0:00:02]} O-O {[%emt 0:00:00]} 6. Be2 {[%emt 0:00:05]} Nbd7 {[%emt 0:00:00]} 7. O-O {[%emt 0:00:07]} e5 {[%emt 0:00:07]} 8. d5 {[%emt 0:00:07]} Nc5 {[%emt 0:00:02]} 9. Qc2 {[%emt 0:00:06]} a5 {[%emt 0:00:03]} 10. Be3 {[%emt 0:00:45]} Ng4 {[%emt 0:09:49]} 11. Bxc5 {[%emt 0:04:48]} dxc5 {[%emt 0:00:02]} 12. Ne1 {[%emt 0:12:14] E94: Königsindisch (Klassisches System)} h5 {[%emt 0:08:14]} 13. Nd3 {[%emt 0:07:11]} b6 $146 {[%emt 0:00:45]} ({Vorgänger:} 13... Qe7 14. h3 Nh6 15. f3 f5 16. Nf2 Nf7 17. Rfd1 Bh6 18. d6 cxd6 {0-1 (39) Houdart,D (2228)-Shirazi,K (2416) Cappelle-la-Grande 2005}) 14. a3 {[%emt 0:02:27]} Qh4 {[%emt 0:11:26]} 15. Bxg4 {[%emt 0:16:52]} hxg4 {[%emt 0:00:20]} 16. b4 {[%emt 0:05:32]} axb4 {[%emt 0:01:16]} 17. axb4 {[%emt 0:00:07]} Rxa1 {[%emt 0:00:07]} 18. Rxa1 {[%emt 0:00:05]} cxb4 {[%emt 0:00:22]} 19. Nxb4 {[%emt 0:02:12]} Bf6 {[%emt 0:24:58]} 20. Qd3 {[%emt 0:24:18]} Kg7 {[%emt 0:08:14]} 21. Qg3 {[%emt 0:05:31]} Qh6 {[%emt 0:07:40]} 22. Nc6 {[%emt 0:04:58]} Re8 {[%emt 0:01:43]} 23. Ne2 {[%emt 0:10:23]} Bd7 {[%emt 0:06:23]} 24. Rd1 {[%emt 0:02:38]} Bxc6 {[%emt 0:09:17]} 25. dxc6 {[%emt 0:00:05]} Re6 {[%emt 0:00:10]} 26. Qxg4 {[%emt 0:01:28]} Rxc6 {[%emt 0:00:16]} 27. Ng3 {[%emt 0:00:35]} Qg5 {[%emt 0:00:23]} 28. Qe2 {[%emt 0:00:39]} Be7 {[%emt 0:00:53]} 29. Nf1 {[%emt 0:00:38]} Bc5 {[%emt 0:00:32]} 30. g3 {[%emt 0:00:16]} Rf6 {[%emt 0:01:56]} 31. Ne3 {[%emt 0:00:32]} Bxe3 {[%emt 0:01:10]} 32. Qxe3 {[%emt 0:00:35]} Qxe3 {[%emt 0:00:59]} 33. fxe3 {[%emt 0:00:05]} Rc6 {[%emt 0:00:40]} 34. Rc1 {[%emt 0:00:11]} Rc5 {[%emt 0:04:49]} 35. Kf1 {[%emt 0:00:39]} b5 {[%emt 0:02:51]} 36. Ke2 {[%emt 0:00:53]} bxc4 {[%emt 0:01:43]} 37. Kd2 {[%emt 0:00:34]} Kf6 {[%emt 0:00:22]} 38. Kc3 {[%emt 0:00:14]} Rc6 {[%emt 0:00:45]} 39. Rf1+ {[%emt 0:00:18]} Ke6 {[%emt 0:00:06]} 40. g4 {[%emt 0:00:00]} g5 {[%emt 0:00:00]} 41. h3 {[%emt 0:11:45]} f6 {[%emt 0:06:04]} 42. Rd1 {[%emt 0:01:54]} Rd6 {[%emt 0:05:52]} 43. Re1 {[%emt 0:02:16]} Ra6 {[%emt 0:11:02]} 44. Kxc4 {[%emt 0:03:43]} Ra2 {[%emt 0:00:23]} 45. Rf1 {[%emt 0:03:49]} Ra4+ {[%emt 0:00:08]} 46. Kd3 {[%emt 0:00:17]} Ra3+ {[%emt 0:00:16]} 47. Kd2 {[%emt 0:00:21]} c5 {[%emt 0:03:01]} 48. Rf3 {[%emt 0:03:33]} Ke7 {[%emt 0:01:13]} 49. Kc2 {[%emt 0:01:43]} Ke6 {[%emt 0:00:06]} 50. Kd2 {[%emt 0:00:25]} Rb3 {[%emt 0:01:42]} 51. Kc2 $15 {[%emt 0:02:13]} (51. h4 $5) 51... Ra3 1/2-1/2

[Event "WYCC 2018 G18"]
[Site "Halkidiki"]
[Date "2018.10.30"]
[Round "11"]
[White "Mocanu, Valeria"]
[Black "Koehler, Inken"]
[Result "1/2-1/2"]
[WhiteElo "1800"]
[BlackElo "1934"]
[Annotator "NA"]
[PlyCount "96"]
[EventDate "2018.10.20"]
[EventType "swiss"]
[EventCountry "GRE"]
[SourceTitle "playchess.com"]
[Source "ChessBase"]
[SourceQuality "1"]
[TimeControl "40/5400+30:1800+30"]

1. e4 {[%emt 0:00:00]} c5 {[%emt 0:00:00]} 2. Nf3 {[%emt 0:00:00]} e6 {[%emt 0:00:00]} 3. d4 {[%emt 0:00:00]} cxd4 {[%emt 0:00:00]} 4. Nxd4 {[%emt 0:00:00]} a6 {[%emt 0:00:00]} 5. Bd3 {[%emt 0:00:00] LiveBook: 12550 Games} Bc5 {[%emt 0:00:04]} 6. Nb3 {[%emt 0:00:04]} Be7 {[%emt 0:00:09]} 7. O-O {[%emt 0:00:49]} d6 {[%emt 0:00:27]} 8. c4 {[%emt 0:04:45]} Nf6 {[%emt 0:00:55] B42: Sicilian: Kan Variation: 5 Bd3} 9. Be3 {[%emt 0:01:11]} (9. Nc3 Nbd7 10. a4 b6 11. a5 O-O 12. axb6 Nxb6 13. Be3 Qc7 14. Na5 Rb8 15. b4 Nfd7 16. Rc1 Ne5 17. Be2 Nbd7 {1-0 (64) Kasimdzhanov,R (2704)-Gajewski,G (2654) Berlin 2015}) 9... Nbd7 {[%emt 0:00:59]} 10. Nc3 {[%emt 0:00:59]} Qc7 {[%emt 0:00:53]} 11. Qe2 {[%emt 0:00:39]} b6 {[%emt 0:01:25]} 12. f3 {[%emt 0:10:21]} Bb7 {[%emt 0:01:55]} 13. a4 $146 {[%emt 0:08:31]} ({Predecessor:} 13. Qf2 O-O 14. Rac1 Rac8 15. Rfd1 Bd8 16. Bf1 Qb8 17. Nd4 Bc7 18. g3 Rfe8 19. b4 Ne5 20. Nb3 Qa8 21. Be2 d5 22. exd5 exd5 23. c5 d4 24. Nxd4 bxc5 25. bxc5 Nxf3+ 26. Bxf3 Bxf3 27. Qxf3 Qxf3 28. Nxf3 Rxe3 {0-1 (56) Warakomska,A (2223)-Kalinina,O (2259) Katowice 2014}) 13... Nc5 {[%emt 0:05:07]} 14. Bc2 {[%emt 0:14:59]} Nxb3 {[%emt 0:04:20]} 15. Bxb3 {[%emt 0:00:05]} O-O {[%emt 0:00:13]} 16. Bc2 {[%emt 0:06:44]} Nd7 {[%emt 0:02:44]} 17. Bd3 {[%emt 0:13:44]} Rac8 {[%emt 0:07:05]} 18. b3 {[%emt 0:01:58]} Bf6 {[%emt 0:10:21]} 19. Rfc1 {[%emt 0:02:24]} Rfe8 {[%emt 0:09:58]} 20. f4 {[%emt 0:05:04]} Nc5 {[%emt 0:03:32]} 21. Bxc5 {[%emt 0:01:46]} Qxc5+ {[%emt 0:01:00]} 22. Kh1 {[%emt 0:00:08]} Bxc3 {[%emt 0:13:33]} 23. Rxc3 {[%emt 0:00:05]} Qd4 {[%emt 0:00:05]} 24. Rcc1 {[%emt 0:09:51]} d5 {[%emt 0:03:46]} 25. Re1 {[%emt 0:01:19]} dxe4 {[%emt 0:04:02]} 26. Bxe4 {[%emt 0:00:05]} Qxe4 {[%emt 0:01:06]} 27. Qxe4 {[%emt 0:00:04]} Bxe4 {[%emt 0:00:05]} 28. Rxe4 {[%emt 0:00:08]} Red8 {[%emt 0:00:07]} 29. Rae1 {[%emt 0:00:42]} Kf8 {[%emt 0:02:07]} 30. Kg1 {[%emt 0:00:13]} Rd2 {[%emt 0:02:56]} 31. R1e2 {[%emt 0:01:49]} Rcd8 {[%emt 0:02:31]} 32. Kf2 {[%emt 0:00:46]} Ke7 $11 {[%emt 0:01:19]} 33. f5 {[%emt 0:07:14]} Rxe2+ {[%emt 0:02:08]} 34. Kxe2 {[%emt 0:00:04]} Rd6 {[%emt 0:06:17]} 35. fxe6 {[%emt 0:00:23]} Rxe6 {[%emt 0:00:12]} 36. Kd3 {[%emt 0:01:31]} Rxe4 {[%emt 0:00:50]} 37. Kxe4 {[%emt 0:00:04]} Kd6 {[%emt 0:00:36]} 38. b4 {[%emt 0:01:34]} Kc6 {[%emt 0:03:57]} 39. g4 {[%emt 0:04:54]} a5 {[%emt 0:01:39]} 40. bxa5 {[%emt 0:00:00]} bxa5 {[%emt 0:00:00]} 41. Kd4 {[%emt 0:07:24]} f6 {[%emt 0:05:09]} 42. h4 {[%emt 0:04:02]} Kd6 {[%emt 0:02:25]} 43. h5 {[%emt 0:03:38]} Kc6 {[%emt 0:00:45]} 44. c5 {[%emt 0:00:49]} g6 {[%emt 0:00:41]} 45. h6 {[%emt 0:04:00]} f5 {[%emt 0:00:34]} 46. gxf5 {[%emt 0:00:04]} gxf5 {[%emt 0:00:04]} 47. Ke5 {[%emt 0:00:27]} Kxc5 {[%emt 0:00:05]} 48. Kxf5 {[%emt 0:00:04]} Kd5 {[%emt 0:00:05] Ke4+} 1/2-1/2